[Event "Asia-ch 5th"]
[Site "Hyderabad"]
[Date "2005.10.06"]
[Round "1"]
[White "Gupta, Abhijeet"]
[Black "Dao, Thien Hai"]
[Result "0-1"]
[WhiteElo "2404"]
[BlackElo "2581"]
[Annotator "Roiz,M"]
[PlyCount "74"]
[EventDate "2005.10.05"]
[EventType "swiss"]
[EventRounds "9"]
[EventCountry "IND"]
[SourceTitle "CBM 110"]
[Source "ChessBase"]
[SourceDate "2006.01.31"]
[SourceVersion "1"]
[SourceVersionDate "2006.01.31"]
[SourceQuality "1"]

1. d4 f5 2. c4 Nf6 3. Nf3 g6 4. g3 Bg7 5. Bg2 O-O 6. O-O d6 7. Nc3 Qe8 8. Nd5 {
The most agressive continuation.} Nxd5 9. cxd5 Qb5 {The most principal move -
black attacks white's Pd5 immediately.} 10. a4 $6 {A dubious sacrifice, since
white's development advantage is not that big.} ({The main continuations are:} 
10. Ng5) ({and} 10. Ne1) 10... Qb6 $6 {A strange choice - there was nothing
wrong with the tackle.} ({After} 10... Qxd5 $142 {I don't see how white can
get sufficient compensation for the central pawn. For example:} 11. Ng5 Qc4 12.
Be3 c6 13. Qd2 (13. Rc1 Qb4 14. b3 d5 15. h4 a5 16. Nh3 Nd7 17. Nf4 Nf6 $17 {
0-1 Perelshteyn,M-Glek,I/Budapest 1991/TD (33)}) 13... a5 {[%cal Gc4b4]} 14.
Rfc1 Qb4 15. Qd3 d5 16. h4 h6 $15 {0-1 Uhlmann,W-Espig,L/Leipzig 1983/EXT 2001
(67)}) 11. Qc2 $146 {Intending to push e2-e4. However,that plan takes some
time and allows black to consolidate.} ({Interesting is:} 11. Ra3 c6 12. a5 (
12. Bg5 $5) 12... Qb5 13. Bg5 Rf7 14. Re3 Bf8 {1/2-1/2 Bronstein,L-Filgueira,H/
Buenos Aires 1993/EXT 98} 15. dxc6 Nxc6 16. d5 Nxa5 17. Qc2 $44) ({More
ambitious is:} 11. a5 $5 Qb5 12. Ng5 {which is similar to the main line 10.Ng5.
}) 11... a5 ({Interesting is also:} 11... c6 $5 12. dxc6 (12. Bg5 Re8 13. dxc6
(13. a5 Qb5 14. dxc6 Nxc6 $11) 13... Nxc6 14. d5 Na5 15. Rab1 Nb3 16. Qc4 a5
$11) 12... Nxc6 13. d5 Ne5 (13... Na5 14. Be3 Qxb2 15. Qc7 $36) (13... Nb4 14.
Qb3 a5 15. Be3 Qa6 16. Nd4 $14) 14. Nxe5 Bxe5 15. Bh6 Re8 $11) 12. e4 Na6 $6 {
A very strange decision - black is letting white to seize a lot of space and
to close the long diagonal.} ({Much more logical would be:} 12... fxe4 13. Qxe4
Bf5 14. Qh4 h5 (14... Bf6 15. Ng5 (15. Bg5 Nd7 16. Rae1 Rae8 $13) 15... Rf7 $13
) 15. Qg5 Nd7 16. Re1 Rae8 $132 {with a very complicated play. Black has an
excellent piece play which compensates for the weakness of his monarch.}) 13.
e5 {Now it's very difficult for black to create any counterplay.} Kh8 {Just a
'waiting' prophylactic move.} ({An attempt to break white's centre by} 13... e6
{fails to:} 14. Ng5 $1 Nb4 15. Qc4 dxe5 16. dxe5 $36) 14. Re1 (14. Bg5 e6 15.
dxe6 Bxe6 16. Qd2 Nb4 17. Rfe1 Bd5 $132) ({White could also start quite an
unpleasant advancement of the h-pawn:} 14. h4 $5 Nb4 15. Qb3 c6 16. h5 {
[%cal Cg6h5,Gh5h6]} gxh5 17. dxc6 bxc6 18. Bf4 $14) 14... Nb4 15. Qb3 Bd7 {
Black has completed the development somehow. White has to prevent him from
freeing by c7-c6.} 16. Bd2 {That looks a bit passive, but now the Nb4 is under
control.} (16. e6 Be8 17. Bg5 Bf6 18. Bh6 Bg7 19. Bxg7+ Kxg7 $132 {[%cal Gc7c6]
}) (16. Bg5 Rae8 17. e6 Bc8 18. Rac1 c6 19. dxc6 bxc6 20. Bd2 Ba6 $132) ({
I can also recommend another developing move:} 16. Bf4 $5 h6 17. h4 Rac8 18.
Rac1 $14 {with a stable pressure.}) 16... h6 {Preparing the freeing c7-c6
advancement.} ({After immediate} 16... c6 17. dxc6 Bxc6 18. Bxb4 Qxb4 (18...
axb4 19. Ng5 Bxg2 20. Kxg2 $16) 19. Qxb4 axb4 20. Ng5 Rxa4 21. Rxa4 Bxa4 22.
Ne6 Rb8 23. f4 $36 {white's initiative is quite unpleasant in the endgame.})
17. exd6 {I don't like that exchange - now black's pawn structure becomes much
better, while the Bg7 gets some air!} ({At the same time,white could keep some
advantage by:} 17. Rac1 g5 (17... c6 $2 18. Nh4 $1 Kh7 19. exd6 exd6 20. Re7
Qd8 21. Rce1 $16) 18. h3 c6 19. Bxb4 Qxb4 (19... axb4 20. Rc4 c5 (20... cxd5
21. Rxb4 $16) 21. dxc5 dxc5 22. Qe3 $16) 20. Qxb4 axb4 21. dxc6 Bxc6 22. b3 $14
) 17... exd6 18. Re2 $2 {White is playing too passively and allows black to
regroup his pieces.} ({Better was:} 18. Re7 $142 Rad8 (18... Be8 19. Rc1 Rc8
20. Bxb4 axb4 21. Rc4 $14) 19. Rae1 g5 $132 {[%cal Gg7f6]}) 18... Be8 $1 {
Delivering the bishop to f7, there it will put a strong pressure on Pd5.} 19.
Rc1 Rc8 $1 {Black is playing very accurately!} ({Premature would be:} 19... Bf7
$6 {[%csl Rd5][%cal Ga8e8,Gf7d5]} 20. Bxb4 axb4 {[%cal Gc7c6]} (20... Qxb4 21.
Qxb4 axb4 22. Rxc7 Rxa4 23. Ree7 Kg8 24. Red7 $36) 21. Re7 $1 (21. Qc2 $2 Bxd5
22. Qxc7 Qxc7 23. Rxc7 Rfc8 24. Rxc8+ Rxc8 $17) 21... Rac8 (21... c6 22. Rxf7
$1 (22. Rc4 $2 Bxd5 23. Nh4 (23. Qxb4 Qxb4 24. Rxb4 c5 $17) 23... Bxc4 24.
Nxg6+ Kg8 25. Qxc4+ d5 26. Bxd5+ cxd5 27. Qxd5+ Kh7 28. Nxf8+ Rxf8 29. Rxb7 Qg6
$17) 22... Rxf7 23. dxc6 Rc7 24. Nh4 $36) 22. Rc4 Bf6 23. Rxb4 Qa5 24. Rb5 Qa8
25. Re1 $14) 20. Bxb4 ({Nothing promises:} 20. Re7 g5 $1 {[%cal Gg7f6]} 21. h3
Bf6 22. Re6 Bd7 {pushing white's rook away.}) 20... axb4 $6 {It was better to
trade the queens.} ({Black has nothing to worry about also after:} 20... Qxb4
21. Qxb4 axb4 22. Rec2 Bxa4 23. Rxc7 Rxc7 24. Rxc7 Bd1 25. Rxb7 b3 $11) 21. Rc4
$1 {That is the point! Now black cannot hold his weak Pb4.} Bf6 {Preventing
white from penetrating along the e-file.} ({After} 21... Qa6 22. Re6 $1 (22.
Re7 $6 Rf7 23. Re6 Qxa4 24. Qxa4 Bxa4 25. Rxb4 Bd7 26. Rxb7 Bxe6 27. dxe6 Re7
28. d5 Bf6 $11) 22... Bf7 23. Rxb4 Bxe6 24. dxe6 $36 {white has more than a
sufficient compensation for an exchange.}) (21... c5 22. dxc6 Bxc6 23. Rxb4 Qa6
24. Re1 $14) 22. Rxb4 Qa5 23. Re1 $6 {That seems to be pointless - white
wastes an important tempo.} ({Much better would be:} 23. Rxb7 Bxa4 24. Qc4 $14)
({or} 23. Nd2 $5 $14 {[%cal Ob4b7,Gd2c4]}) 23... b6 $44 {Now black has a real
compensation for the pawn due to the pair of bishops and preferablity of his
pawn structure.} 24. Rc1 ({Nothing special gives also} 24. Nd2 Bf7 25. Nc4 Qa8
26. Ne3 Rce8 27. Rc4 Re7 $44) 24... Bf7 25. Nd2 $4 {[%mdl 8192] A terrible
blunder which leads to an immediate loss.} (25. Ne1 $142 Rce8 26. Nd3 Re7 27.
h3 Rfe8 $44) {[%tqu "En","Please,find the winning move.","","","c7c5","",10]}
25... c5 $1 {[%csl Rb4,Rd2][%cal Ya5d2] That ellegant move was probably
overlooked by Abhijeet. The Pd5 is pinned, so white loses a piece.} 26. Rxb6
Qxd2 $19 {The rest is a part of simple technique.} 27. Rd1 Qa5 ({Even simpler
would be:} 27... c4 $1 28. Rxd2 cxb3 29. Rxd6 Rc1+ 30. Bf1 Kg7 $19) 28. dxc5
Qxc5 {White has 2 pawns for a piece, but his passed pawns have no power.} 29.
Rb5 ({Hopeless was also:} 29. Qe3 Kg7 30. Qxc5 (30. b4 Qc2 $19) 30... dxc5 31.
d6 Rb8 $19) 29... Qa7 30. Rb7 Rb8 $1 {Trading the queens and winning one of
white's pawns.} 31. Rxa7 Rxb3 32. a5 Rxb2 {Now white has only one pawn for the
piece. Black should only stop the passed pawn.} 33. a6 (33. Rd7 Ra2 34. Rxd6
Be7 35. Ra6 Bc5 36. Kh1 (36. d6 Bc4 37. Rc6 Bxf2+ 38. Kh1 Bb5 $19) 36... Rd8
$19) 33... Kg7 34. Bf1 ({After} 34. Rd7 {black's most effective winning plan
is similar to the text:} Bd8 $1 ({less convincing is:} 34... Rb6 35. a7 Ra6 36.
Bf1 Ra5 37. Rb1 Bd4 38. Rbb7 Bc5 39. Bc4 Kf6 40. Kg2) 35. Rxd6 Bb6 36. Rd7
Bxf2+ 37. Kh1 Kf6 38. Ra1 Ra8 $19) 34... Bd8 $1 {An excellent job of the
bishop. It neutralizes white's counterplay and puts pressure on the Pf2.} 35.
Rb7 (35. Rd7 Bb6 36. Rxd6 Bxf2+ 37. Kh1 Rc8 38. Rd7 Bb6 {[%cal Gc8c2]} 39. Rb7
Rcc2 40. Rxb6 Rxb6 41. a7 Bxd5+ 42. Rxd5 Rb1 43. Kg1 Ra2 44. Rd7+ Kf6 $19 {
[%cal Gb1a1]}) 35... Bb6 36. Kh1 Ra8 37. Rc1 Kf6 {[%csl Rd5][%cal Gf7d5]} 0-1

[Event "Jakarta Makita Lakoni"]
[Site "Jakarta"]
[Date "2004.02.18"]
[Round "3"]
[White "Zhu, Chen"]
[Black "Hoang, Thanh Trang"]
[Result "1/2-1/2"]
[WhiteElo "2495"]
[BlackElo "2447"]
[Annotator "Roiz,M"]
[PlyCount "57"]
[EventDate "2004.02.16"]
[EventType "tourn"]
[EventRounds "10"]
[EventCountry "INA"]
[EventCategory "10"]
[SourceTitle "CBM 100"]
[Source "ChessBase"]
[SourceDate "2004.06.01"]
[SourceVersion "1"]
[SourceVersionDate "2004.06.01"]
[SourceQuality "1"]

1. d4 f5 2. g3 Nf6 3. Bg2 g6 4. Nf3 Bg7 5. O-O O-O 6. c4 d6 7. Nc3 Qe8 8. d5 a5
({another common move is:} 8... Na6) 9. Nd4 {[%cal Ga1b1,Gb2b4,Ga2a3,Gb2b3]
The main-white's knight has occupied an excellent central square.White's
standard plan is preparation of advancing qside pawns by Rb1,a3,b3 and b4.} ({
The alternatives are:} 9. Ne1) (9. Rb1) (9. Be3) ({and} 9. e4 $5 {-see my
comments to 1/2-1/2 Dorfman,J-Bauer,C/FRA-ch Aix les Bains 2003 [Roiz]}) 9...
Na6 10. e4 {The most ambitious theoretical continuation.White is trying to
exploit black's weaknesses immediately,but that gives black an active piece
play.} ({Besides,white has a several quiet options which lead to a long
strategical struggle:} 10. Bg5 Nc5 (10... h6 $5 11. Bxf6 Bxf6 12. e4 fxe4 13.
Nxe4 Bg7 $132) 11. Qd2 Qf7 12. Bh6 Bxh6 13. Qxh6 Bd7 14. Qd2 Rac8 15. Rad1 a4
16. Qc2 Ng4 17. e3 $14 {1-0 Dydyshko,V-Mainka,R/Muenster 1997/CBM 60 ext (74)})
(10. Rb1 Bd7 11. b3 c6 12. Bb2 Nc7 13. dxc6 bxc6 14. Nf3 c5 15. a4 Bc6 16. Nb5
Ne6 17. Ne1 f4 $132 {0-1 Tunik,G-Malaniuk,V/Novgorod 1995/EXT 2000 (54)}) (10.
b3 Bd7 11. Bb2 Rc8 (11... h6 12. e4 fxe4 13. Nxe4 Nxe4 14. Bxe4 Nc5 15. Bg2 g5
16. Qe2 Qg6 17. Rad1 Rf7 18. Bc3 Be5 $11 {1/2-1/2 Riazantsev,A-Gagarin,V/
Moscow 1998/EXT 99 (66)}) 12. Qd2 Nc5 13. Rac1 c6 14. Rfd1 Qf7 15. Ba1 h6 16.
f4 Kh7 17. Rf1 e5 18. dxe6 Nxe6 19. Na4 $14 {0-1 Vaulin,A-Potapov,A/Mlada
Boleslav 1995/EXT 97 (45)}) 10... fxe4 11. Nxe4 Nxe4 12. Bxe4 Bh3 {A very
natural continuation-black completes development with a tempo.On the other
hand,13.Re1 is usually a useful move,so that is not exactly a win of
time-especially if black is planning to place his bishop on d7,like in the
following game.} (12... Nc5 13. Bg2 Bd7 14. Bg5 (14. Be3 Qf7 15. Qd2 Qf6 16.
Rad1 a4 17. Bg5 Qxd4 18. Qxd4 Bxd4 19. Rxd4 $14 {1/2-1/2 Morrison,G-Polgar,Z/
Haifa 1989/EU-chT (28)}) 14... h6 15. Be3 a4 16. Qd2 Kh7 17. Rae1 Qf7 18. Ne2
b5 19. Bxc5 dxc5 20. Nf4 Ra6 21. h4 $36 {1/2-1/2 Ostenstad,B-Polgar,Z/Haifa
1989/EU-chT (39)}) 13. Re1 ({It's clear that white should exchange the bishops
in order to exploit the weakness of e6,but the practice shows that black gets
a sufficient counterchanses,which are usually connected with c7-c6:} 13. Bg2
Bxg2 14. Kxg2 Nc5 15. Re1 (15. Be3 Qf7 16. Rb1 c6 17. dxc6 Qxc4 18. cxb7 Rab8
$11 {1/2-1/2 Cvitan,O-Piskov,Y/Moscow 1989/TD (41)}) 15... Qf7 (15... c6 16.
Ne6 Nxe6 17. Rxe6 Rf5 18. Qe2 Re5 19. Rxe5 Bxe5 $11 {0-1 Gebhard,D-Glek,I/
Baden Baden 2002/CBM 89 ext (30)}) 16. Be3 (16. f4 a4 17. Rb1 g5 18. Ne6 Qf5
19. Bd2 Nxe6 20. Rxe6 Rf7 $132 {0-1 Anic,D-Koch,J/Nantes 1993/EXT 97 (34)})
16... e5 17. dxe6 Nxe6 18. Nxe6 Qxe6 $11 {1/2-1/2 Mamedyarov,S-Antal,G/
Chalkidiki 2001/EXT 2002 (34)}) 13... Qf7 (13... Nc5 {usually leads to the
same position after} 14. Bh1 Qf7 ({but deserves attention is:} 14... Qd7 $5 15.
Be3 a4 16. Qd2 Rf7 17. b4 axb3 18. axb3 Rxa1 19. Rxa1 Rf8 20. Re1 Qg4 $132 {
0-1 Likavsky,T-Potapov,A/Pardubice 1999/EXT 2000 (40)})) 14. Be3 Nc5 15. Bh1
Bd7 $146 {Black starts a preparation for c7-c6.} ({Black has tried another
plan,which connected with e7-e5.The practice shows,that black fails to get a
full equality,as white's pawn structure is preferable:} 15... Rae8 16. Qd2 b6 (
16... e5 17. dxe6 Nxe6 18. Nxe6 Bxe6 19. Rac1 b6 20. b3 $14 {1-0 Novikov,I-De
la Riva Aguado,O/Saint Vincent 1999/CBM 68 ext (34)}) 17. Nc6 (17. Rac1 Kh8 18.
b3 Bd7 19. Bg2 e6 20. dxe6 Nxe6 21. Nxe6 Bxe6 22. Bd4 $14 {1/2-1/2 Roeder,
M-Hoang Thanh Trang/Budapest 1999/CBM 69 ext (56)}) 17... Nd7 18. Bd4 Nf6 19.
Re2 Bd7 20. Bxf6 Qxf6 21. Rae1 $14 {0-1 Hirsch,J-Michalek,J/Brno 1991/CBM 24
ext (43)}) (15... a4 16. Qd2 h6 17. Rac1 g5 $2 (17... Rae8 $142 $14) 18. Nb5
Rac8 19. Bd4 $4 (19. Bxc5 dxc5 20. d6 $3 e6 (20... cxd6 21. Nxd6 Qxf2+ 22. Qxf2
Rxf2 23. Bd5+ Kh8 24. Nxc8 Bd4 25. Kh1 $18) 21. dxc7 $18) 19... Bxd4 20. Nxd4
Nd3 21. Rxe7 Qxe7 22. Qxd3 Rce8 $17 {1/2-1/2 Litinskaya,M-Fuks,S/Lvov 1996/EXT
2002 (43)}) 16. Qd2 a4 {A necessary move-otherwise black couldn't move his Ra8.
} 17. Rab1 {[%cal Gb2b4] White is already prepared for b2-b4,which is quite
unpleasant for black.} Rac8 {Black is preparing c7-c6 and intending to meet
b2-b4 with a tactical operation.} ({He could make some useful move,using the
fact,that his rook is on a8 yet.} 17... Kh8 $5 {In that case white shouldn't
hurry with b2-b4 and play} 18. Bg2 $14 {with a slighty better chanses.} (18. b4
$6 axb3 19. axb3 Ra3 {[%cal Gf8a8]} 20. b4 Nd3 $132 {[%cal Gd3e5]})) 18. Bg2 ({
nothing special gived} 18. b4 axb3 19. axb3 Bxd4 $1 {the only way to avoid
totally passive position.} 20. Qxd4 $1 ({after} 20. Bxd4 $6 Bf5 21. Rb2 Nd3 22.
Re3 Nxb2 23. Bxb2 h5 {white must prove that he has a sufficient compensation.})
20... Bf5 21. Rbd1 Nxb3 $1 (21... Bc2 $2 22. Rc1 Nd3 (22... Bxb3 23. Qb2 Ba4
24. Bxc5 dxc5 25. d6 $1 $16) (22... Nxb3 23. Qc3 Nxc1 24. Qxc2 $16) 23. Re2
Nxc1 24. Bxc1 Bf5 25. Bb2 Qf6 26. Qe3 Qf7 27. Qc3 Qf6 28. Qe1 $16) 22. Qb2 Na5
23. Qc3 b6 {and white has a sufficient compensation for a pawn,but not more.})
18... c6 19. b4 axb3 20. Nxb3 $6 {[%mdl 16384] A clear positional mistake.
Black is not forced to exchange the knights,so white gets no compensation for
his own weaknesses.} ({There was nothing wrong with the simple} 20. axb3 $142
Bxd4 $1 {(That was probably black's idea)} 21. Bxd4 (21. Qxd4 $6 Bf5 {[%csl
Rb1][%cal Gf5b1]} 22. Bh6 Rfe8 23. Rbd1 Bc2 $1 $132) 21... Bf5 22. b4 $1 Nd3 ({
after} 22... Bxb1 $6 23. bxc5 Bf5 24. Ba1 $1 {[%cal Gd2b2] i can hardly see a
normal defence for black.}) 23. Rf1 cxd5 (23... Ne5 24. Rbc1 Bh3 (24... Nd3 25.
Ra1 cxd5 26. cxd5 Rc4 27. Bc3 Rfc8 28. Ra3 $14) 25. Bxe5 Bxg2 26. Kxg2 Qf3+ 27.
Kg1 dxe5 28. dxc6 $14) 24. cxd5 Rc4 25. Ba1 Rfc8 26. b5 $14 {and white has a
clear advantage,although black's pieces are active.}) 20... Na4 $1 {[%csl Rc3]
[%cal Gg7c3,Ga4c3]} 21. Bd4 {Exchanging black's strong bishop,but now black
will cut off white's knight from the centre.} ({after} 21. Nd4 Nc5 {white's
pawn structure is already not so good,and he has nothing better than} 22. Nb3
Na4 $11) ({but interesting was:} 21. Rbc1 $5 c5 22. Bg5 Bf6 (22... Rce8 $6 23.
Na5 $1 b6 24. Nc6 $36) 23. Na5 Rc7 24. Bxf6 Qxf6 $132 {[%cal Gf8a8] with a
very complicated position with chanses for both sides.}) 21... Bf5 $1 {Now
white is forced to remove his rook from the ''b'' file.} (21... c5 $6 22. Bxg7
Qxg7 23. Na5 $36) 22. Rbc1 c5 23. Bxg7 Qxg7 24. Be4 ({after} 24. Re3 Ra8 $1 25.
Rce1 Rf7 {[%cal Ga4b2] black has nothing to worry about:his only weaness on e7
is well defended,while he is ready to attack white's pawns by 26...Nb2.}) 24...
Bd7 {Avoiding an exchage which was favourable for white.} 25. Na5 ({after} 25.
h4 Ra8 26. Kg2 b5 $132 {black has a sufficient counterplay on the qside.})
25... Ra8 {The Na5 is vulnerable now.} 26. Bg2 {White finds nothing better
than repeating the moves.} ({after} 26. Nxb7 Qb2 $1 ({not} 26... Rfb8 $2 27.
Na5 Rb2 28. Rc2 Rxc2 29. Bxc2 $16) 27. Qxb2 Nxb2 28. Re2 Na4 $44 {black has a
good compensation for a pawn,as Nb7 is in danger.}) ({Black is also not worse
after} 26. h4 Qb2 $1 27. Qxb2 (27. Rc2 Qb4) 27... Nxb2 28. Rb1 Rxa5 29. Rxb2
Rb8 $11) 26... Bf5 27. Be4 Bd7 28. Bg2 Bf5 29. Be4 {[%mdl 4]} 1/2-1/2